Responses for show #6710 - Friday, November 15, 2013

2013 Teachers Tournament quarterfinal game 5.

Contestants

[<< previous game]

Michael Townes, an English and Language Arts teacher from Greenville, South Carolina

Timothy Shuker-Haines, a high school history teacher from Williamstown, Massachusetts

Cathy Bloedorn, a chemistry and forsenics teacher from Ellicott City, Maryland

[next game >>]

Jeopardy! Round responses

ON HIS PRESIDENCY'S SECRET SERVICE
RAP STAGE NAMES
UNIFORMS
TEACHERS' LOUNGE CUISINE
SAME FIRST & LAST LETTER
THE ONION DESCRIBES THE COUNTRY
(Alex: You identify the country for us, obviously.)
    $200 15
(Teacher: When I say "Bloe," you say "dorn"! Bloe!)
(Cathy Bloedorn's students at Howard High School: Dorn!)
(Teacher: Bloe!)
(Students: Dorn!)
(Teacher: Bloe!)
(Students: Dorn!)
[Cheers and applause]

Andrew Johnson

Michael
    $200 16
Brooklyn

Timothy
    $200 22
scrubs

Timothy
    $200 6
a pizza

Michael
    $200 1
millennium

Timothy
    $200 10
India

Michael
    $400 17
LBJ (Lyndon Johnson)

Cathy
    $400 27
Flo Rida

Michael
    $400 23
the Boy Scouts

Timothy
    $400 7
Gatorade

Michael
    $400 2
cardiac

Cathy
    $400 11
Australia

Timothy
    $3,000 19
(Alex: McKinley had been assassinated before him.)

Theodore Roosevelt

Timothy
    $600 28
Pitbull

Michael
    $600 24
a referee

Michael
    $600 8
Pixy Stix

Cathy
    $600 3
prenup

Triple Stumper
    $600 12
Monaco

Timothy
    $800 20
the Department of Homeland Security

Timothy
    $800 29
Marshall Mathers

Michael
    $800 25
the (Toronto) Raptors

Cathy
    $800 9
Au Bon Pain

Timothy
    $800 4
reaper

Cathy
    $800 13
Great Britain (or the United Kingdom)

Timothy
    $1000 21
Richard Nixon

Triple Stumper
    $1000 30
(Timothy Shuker-Haines' class at Buxton School: Buxton loves you, Timothy! Good luck on Jeopardy!)
[Cheers and applause]

Lil Wayne

Cathy
    $1000 26
a (spiked) helmet

Michael
    $1000 18
Cadbury

Timothy
    $1000 5
(Alex: It's always sounded strange because they refer to it as the [*] opposition.)

loyal

Triple Stumper
    $1000 14
Kenya

Timothy

Scores at the first commercial break (after clue 15):

Cathy Timothy Michael
$1,800 $3,800 $1,000

Scores at the end of the Jeopardy! Round:

Cathy Timothy Michael
$4,000 $9,400 $4,400

Double Jeopardy! Round responses

NOTED PERSONALITIES IN THE WORLD ALMANAC
READING THE DETECTIVES
GIVE US 2 C's & AN A
(Alex: ...'cause they'll come up in each correct response.)
DISEASES
RAID!
THE LENGTH OF THE MOVIE
    $400 25
Davy Crockett

Timothy
    $400 20
Nancy Drew

Timothy
    $400 8
a sacrifice

Michael
    $400 1
tuberculosis

Michael
    $400 16
a Viking

Michael
    $400 2
Inch

Timothy
    $800 26
(Melville) Dewey

Cathy
    $800 21
Sherlock Holmes

Cathy
    $800 9
witchcraft

Cathy
    $800 7
Lou Gehrig

Michael
    $800 17
Abraham

Triple Stumper
    $800 3
Nine Yards

Michael
    $1200 27
John Brown

Michael
    $1200 22
Sue Grafton

Timothy
    $1200 10
calculus

Timothy
    $1200 13
(Timothy: What is a plague?)
(Cathy: What are the frogs?)

livestock (or cattle)

CathyTimothy
Triple Stumper
    $1200 18
(Michael: My teachers would've killed me if I'd got that wrong.)

Francis Marion

Michael
    $1200 4
The Green Mile

Michael
    $1600 28
(Ray) Kroc

Cathy
    $1600 23
Alex Cross

Michael
    $1600 11
classic rock

Cathy
    $1,600 14
(Michael: I do not know. What is I don't know, Alex?)

cystic fibrosis

Michael
    $1600 19
Entebbe

Timothy
    $1600 5
The Longest Yard

Michael
    $2000 29
(Linus) Pauling

Cathy
    $2000 24
Nero Wolfe

Timothy
    $2000 12
(Cathy: What is a microcosm?)

a macrocosm

CathyMichael
    $2000 15
(Cathy: What is typhoid?)
(Timothy: What is typhus?)

cholera

CathyTimothyMichael
    $2,000 30
(Cathy: Who was MacArthur?)

Jimmy Doolittle

Cathy
    $2000 6
50-Foot

Cathy

Scores at the end of the Double Jeopardy! Round:

Cathy Timothy Michael
$6,400 $13,400 $16,400

Final Jeopardy! Round responses

PLAY CHARACTERS
(Alex: [To Cathy] Who is [*]?--from Pygmalion and My Fair Lady.)
...
(Alex: Timothy, congratulations, sir. You are a semifinalist. You get to play again on our program.)
(Timothy: That's great.)
(Alex: And here are the other winners of our quarterfinal matches this week.)
(Anne: Anne Baxter, Ypsilanti, Michigan.)
(Patrick: Patrick Dillon, Huntington, New York.)
(Eli: Eli Barrieau, Hardwick, Massachusetts.)
(John: John Pearson, Richardson, Texas.)
(Alex: And now the high scorers among non-winners. You'll notice something that links them all together. Here they are.)
(Mary Beth: Mary Beth Hammerstrom, Anchorage, Alaska.)
(Becky: Becky Giardina, Martinez, Georgia.)
(Maryanne: Maryanne Lewell from Saint John, New Brunswick, Canada.)
(Katie: Katie Moriarty, Cincinnati, Ohio.)
(Alex: Yeah, they're all women, and we're putting them all to work at the beginning of next week. Join us then. Take care, everybody.)
CathyWho is Henry Higgins?
$6,395
TimothyWho is Henry Higgins?
$7,000
MichaelWho is... ?
$2,600
Henry Higgins

Final scores:

Cathy Timothy Michael
$12,795 $20,400 $13,800
3rd place: $5,000 if eliminated Automatic semifinalist 2nd place: $5,000 if eliminated

Game dynamics:

Coryat scores:

Cathy Timothy Michael
$8,400 $11,000 $18,000
13 R,
4 W
(including 1 DD)
19 R
(including 1 DD),
2 W
21 R,
1 W
(including 1 DD)

Combined Coryat: $37,400

The J! Archive is created by fans, for fans. The Jeopardy! game show and all elements thereof, including but not limited to copyright and trademark thereto, are the property of Jeopardy Productions, Inc. and are protected under law. This website is not affiliated with, sponsored by, or operated by Jeopardy Productions, Inc. Join the discussion at JBoard.tv.